| 000 | 00383nam a2200121Ia 4500 | ||
|---|---|---|---|
| 008 | 230907s9999||||xx |||||||||||||| ||und|| | ||
| 082 |
_a692.5 _bCOL |
||
| 100 |
_aCollier, Keith, _9115837 |
||
| 245 | 0 | _aFundamentals of construction estimating and cost accounting : | |
| 260 |
_aPrentice-Hall, _bEnglewood Cliffs, NJ : _c2014 |
||
| 300 | _axv, 298 p., [33] p. of plates : | ||
| 942 | _cBK | ||
| 999 |
_c599898 _d599898 |
||